[Event "EU-chT (Men) 12th"]
[Site "Batumi"]
[Date "1999.12.01"]
[Round "3.3"]
[White "Delchev, Aleksander"]
[Black "Pavasovic, Dusko"]
[Result "1/2-1/2"]
[WhiteElo "2521"]
[BlackElo "2510"]
[Annotator "Tsesarsky,I"]
[PlyCount "118"]
[EventDate "1999.11.06"]
[EventType "team-swiss"]
[EventRounds "9"]
[EventCountry "GEO"]
[SourceTitle "CBM 074"]
[Source "ChessBase"]
[SourceDate "2000.02.01"]
[SourceVersion "1"]
[SourceVersionDate "2000.02.01"]
[SourceQuality "1"]
[WhiteTeam "Bulgaria"]
[BlackTeam "Slovenia"]
[WhiteTeamCountry "BUL"]
[BlackTeamCountry "SLO"]

1. Nf3 d5 2. d4 c6 3. c4 e6 4. Qc2 Nf6 5. Bg5 dxc4 6. Qxc4 Be7 (6... h6 7. Bxf6
Qxf6 8. e4 Nd7 9. Nc3 a5 10. Be2 Qd8 11. O-O Be7 12. Rad1 $14 {1-0 Krasenkow,
M-Volkov,S/Polish TV KO, Swidnica POL 1997 (49)}) (6... b5 7. Qc2 Bb7 (7... Be7
8. e4 O-O 9. Bd3 $14) 8. Bxf6 gxf6 (8... Qxf6 9. Nbd2 Nd7 10. e3 a6 11. a4 Bb4
12. Bd3 $14) 9. e3 (9. e4 $5 Rg8 10. Nc3 $14) 9... Nd7 10. Nbd2 $14 (10. Be2 a6
11. a4 b4 12. Nbd2 c5 $11 {0-1 Ivanov,S-Kharlov,A/Russian Club Cup, Maikop RUS
1998 (35)})) (6... Qb6 7. Nbd2 $1 Qxb2 8. Rb1 Qa3 9. e4 b6 (9... Be7 10. Qc2
O-O 11. Nc4 $16) 10. Qc2 Ba6 (10... Bb4 11. Bd3 $36) 11. Bc4 $1 $14 {1-0
Sakaev,K-Tregubov,P/ch-RUS, St Petersburg RUS 1998 (29).} (11. Nc4 $6 Bb4+ 12.
Bd2 Bxd2+ 13. Nfxd2 Qe7 14. Bd3 $44)) 7. Nbd2 (7. e3 O-O (7... b6 8. Nc3 (8.
Qc2 Bb7 9. Nc3 Nbd7 10. Rd1 Rc8 11. Be2 Nd5 12. Bxe7 Qxe7 13. Nxd5 exd5 14. O-O
O-O 15. Qa4 a5 16. a3 $132 {1/2-1/2 Shchekachev,A-Poluljahov,A/Moscow RUS 1999
(46)}) 8... Ba6 (8... O-O 9. Be2 Nd5 10. Bxe7 Qxe7 11. Rc1 Ba6 12. Nxd5 exd5
13. Qb3 Bxe2 14. Kxe2 Qe6 15. Rhd1 Nd7 16. Kf1 Rfc8 $11 {1/2-1/2 Ksieski,
Z-Matlak,M/Suwalki POL 1999 (31)}) 9. Qa4 Bxf1 10. Rxf1 O-O 11. Bxf6 Bxf6 12.
Ke2 (12. O-O-O b5 13. Qc2 Na6 14. Kb1 Nb4 15. Qe2 Qa5 16. Nd2 Be7 17. f4 Nd5
18. Rc1 $132 {1/2-1/2 Poluljahov,A-Beshukov,S/Krasnodar RUS 1999 (39)}) 12...
c5 13. Rfd1 cxd4 14. Ne4 e5 15. exd4 exd4 16. Nxf6+ Qxf6 17. Qxd4 $11 {1/2-1/2
Atalik,S-Krasenkow,M/Elista RUS 1998 (19)}) 8. Be2 (8. Bd3 h6 (8... Na6 9. O-O
c5 10. dxc5 Nxc5 11. Bxf6 gxf6 12. Bc2 f5 13. Rd1 Qc7 14. Nc3 a5 15. e4 fxe4
16. Nxe4 b5 17. Qe2 $16 {[%csl Rg8] 1-0 Khenkin,I-Tregubov,P/Koszalin POL 1999
(34)}) (8... Nbd7 9. O-O h6 10. Bh4 $14) 9. Bxf6 (9. Bh4 $5 $14) 9... Bxf6 10.
Nc3 Nd7 11. Rd1 Qe7 (11... Qa5 12. O-O Rd8 13. b4 Qh5 14. Ne4 Be7 $14) 12. Bb1
e5 (12... g6 13. O-O Bg7 $11) 13. O-O (13. d5 $5) 13... exd4 14. exd4 Nb6 15.
Qd3 g6 16. Rfe1 Qb4 17. Qd2 Bg7 (17... Nc4 $4 18. Qxh6 Nxb2 (18... Bg7 19. Qh4
Nxb2 20. Ng5 Rd8 21. Nxf7 $1 $18) 19. Bxg6 fxg6 20. Ng5 {1-0 Kramnik,V-Lautier,
J/Tilburg NED 1998 (24)} (20. Qxg6+ $2 Bg7 21. Ng5 Bf5 $19)) 18. a3 (18. Ne5 $5
) 18... Qd6 19. Ne4 Qc7 $132) 8... Qa5+ 9. Nc3 Nbd7 10. O-O e5 11. Ne4 exd4 12.
Qxd4 Qb6 $11 {1/2-1/2 Ivanchuk,V-Anand,V/Las Palmas 1996/CBM 57/ (29)}) (7. Nc3
O-O 8. e4 h6 9. Bh4 Qb6 10. Rb1 $14) 7... b6 8. e4 $14 Ba6 9. Qc2 Bxf1 10. Nxf1
O-O 11. Ng3 (11. Rd1 $14) (11. N1d2 $5 $14) 11... c5 12. dxc5 bxc5 13. O-O {
[%csl Rc5]} Nfd7 (13... Nc6 14. Rfd1 Nd7 15. Bf4 $14) 14. Bxe7 (14. Bf4 Nc6 15.
Rfd1 $14) 14... Qxe7 15. e5 Nc6 16. Qe4 (16. Rfe1 $14) 16... Rfc8 (16... Nb4
17. Rfd1 Rfd8 18. a3 Nd5 19. Rd2 N7b6 20. Rad1 $14) 17. Rad1 (17. h4 $2 Rab8
$17 {[%cal Gb8b4]}) (17. Rac1 Rab8 18. b3 $14) 17... Nf8 (17... Rab8 18. b3 (
18. Rd2 Rb4 19. Qe3 Nd4 $11) 18... Rb4 19. Qe2 Nd4 20. Nxd4 cxd4 21. f4 Nb6 22.
f5 Nd5 23. f6 gxf6 24. Qg4+ Kf8 25. exf6 Nxf6 26. Qh4 Ng8 27. Qxh7 $14) 18. Nd2
(18. Rd2 Nb4 19. a3 Nd5 20. Rfd1 $14 {[%csl Rc5][%cal Gh2h4]}) 18... Rab8 19.
Nc4 Nd4 20. Ne2 (20. Rd2 Rd8 21. Rfd1 $14) 20... Qb7 $1 21. Ng3 $6 $11 {
The recognition of a mistake on the previous move or silent proposal of draw?}
(21. Qg4 Qa6 22. b3 Qxa2 23. Nxd4 cxd4 24. Nd6 Rc7 25. Rxd4 Qxb3 $17) (21. Nc3
$5 Rd8 22. Rd2 Ng6 23. Rfd1 $14) 21... Qa6 $1 ({Black don't want come back} 
21... Qe7 $6) 22. Qd3 Rd8 23. Ne4 Qxa2 (23... Ng6 24. Nxc5 (24. f4 Nc6 25. Ned6
(25. Qc2 Rxd1 26. Rxd1 Qxa2 $17 {[%csl Rf4]}) 25... Qxa2 $15) 24... Qb5 25. Nb3
Nf4 26. Nxd4 Rxd4 27. Qxd4 Ne2+ 28. Kh1 Nxd4 29. Rxd4 $11) 24. Ra1 (24. Nxc5
Nf3+ 25. Qxf3 Qxc4 26. Rxd8 Rxd8 27. Nb7 Rd3 28. Nd6 Rxf3 29. Nxc4 $11) 24...
Qb3 25. Qxb3 Nxb3 26. Rxa7 Rd4 (26... Ng6 $11) 27. Ned6 {The are no advantage
for both of the sides, nevertheless opponents play up to the end...} Nd2 28.
Nxd2 Rxd2 29. Rc7 (29. Rxf7 Rbxb2 30. Rc7 Rbc2 31. g3 (31. Ne8 Rd7 $11) 31...
Re2 32. Ne8 $11) 29... f6 30. Nc4 Rc2 31. Ne3 Rcxb2 32. exf6 R2b7 (32... gxf6
33. Rxc5 $11) 33. Rxg7+ Rxg7 34. fxg7 Kxg7 35. Rc1 Nd7 36. Kf1 Rb2 (36... Kf6
37. f4 $11) 37. Nc4 Ra2 38. Nd6 Ne5 39. Ne4 (39. Rxc5 Rxf2+ 40. Kxf2 Nd3+ 41.
Ke3 Nxc5 42. Kd4 Nd7 $11) 39... c4 40. Rc3 (40. g3 h5 41. h4 Kg6 $11) 40... Kg6
41. h3 Rb2 42. Nc5 Kf6 43. Ra3 Nc6 44. g4 Rb5 45. Ne4+ Ke5 46. Re3 Kd4 47. Nc3
Rb3 48. Ne2+ Kc5 49. Rxe6 Rxh3 50. Kg2 (50. f4 c3 51. Kg2 Rd3 52. Nxc3 Rxc3 53.
Rh6 $11) 50... Rd3 51. Rh6 Rd7 52. Nc3 Ne5 53. Rh5 Kb4 54. Na2+ Ka3 55. Nc3
Nxg4 56. Rb5 Rd3 57. Ne4 c3 (57... h6 58. Rh5 Kb4 59. Rh4 Ne5 60. Rxh6 Rd4 61.
f3 $11) 58. Nc5 Rd2 59. Rb3+ Ka2 1/2-1/2

[Event "Las Palmas"]
[Site "Las Palmas"]
[Date "1996.12.19"]
[Round "8"]
[White "Ivanchuk, Vassily"]
[Black "Anand, Viswanathan"]
[Result "1/2-1/2"]
[WhiteElo "2730"]
[BlackElo "2735"]
[Annotator "Tsesarsky,I"]
[PlyCount "58"]
[EventDate "1996.12.08"]
[EventType "tourn"]
[EventRounds "10"]
[EventCountry "ESP"]
[EventCategory "21"]
[SourceTitle "CBM 057"]
[Source "ChessBase"]
[SourceDate "1997.04.01"]
[SourceVersion "1"]
[SourceVersionDate "1997.04.01"]
[SourceQuality "1"]

1. d4 d5 2. Nf3 e6 3. c4 dxc4 4. Qa4+ c6 (4... Nd7 5. e4 c5 6. Bxc4 cxd4 7.
Nxd4 Qb6 $5 8. Nb3 Bd6 9. Be3 Qc7 10. Nc3 a6 11. Rc1 {White is slightly better,
Piket,J-Lautier,J/Match, Monaco 1996}) 5. Qxc4 Nf6 6. Bg5 $146 (6. g3 Nbd7 (
6... a6 7. Bg2 Be7 8. Nc3 b5 9. Qb3 O-O 10. O-O Bb7 11. Rd1 Nbd7 12. Ne5 Rc8
13. a4 Qc7 14. Bf4 Qb6 15. a5 Qa7 16. Bh3 c5 17. Nxd7 Nxd7 18. d5 c4 19. Qc2
Bxd5 20. Nxd5 exd5 21. Rxd5 Nf6 22. Be3 $14 {0-1 Nemeth,M-Kiss,F/Budapest FS02
IMW 1994 (34)}) 7. Bg2 e5 $6 8. dxe5 Nxe5 $4 9. Nxe5 Qa5+ 10. Nc3 Qxe5 11.
Bxc6+ Bd7 12. Bxb7 (12. Bf4 $18) 12... Rd8 13. Bf4 Qf5 14. Bc7 Bc5 15. O-O O-O
16. Bxd8 {1-0 Ilivitsky G-Aronin L/Ch URS, Moscow 1952 (21)}) 6... Be7 7. e3 (
7. Nc3 $5) 7... O-O 8. Be2 Qa5+ 9. Nc3 Nbd7 10. O-O e5 {After this standard
continuation the play is approximately even} 11. Ne4 $5 (11. Bxf6 Bxf6 12. Ne4
exd4 (12... Be7 13. Rfd1 Nb6 14. Qc2 f5 15. Ned2 e4 16. Nc4 Qb4 17. Nxb6 (17.
a3 Qa4 18. b3 Qb5 19. Nxb6 Qxb6 20. Bc4+ Kh8 21. Ne5 Qc7 22. Nf7+ Kg8 23. Ne5+
$11)) 13. Nxd4 (13. Nxf6+ Nxf6 14. Nxd4 Qb6 15. Qc2 Re8 16. Rfd1 Bg4 $11) 13...
Be5 14. Rfd1 $11) (11. Rfd1 exd4 12. Qxd4 Rd8 13. Rac1 (13. e4 $6 Nc5 14. b4 (
14. Qe3 Ne6 15. Rxd8+ Bxd8 16. Rd1 Bb6 17. Qd2 Nxg5 18. Nxg5 Bg4 $17) (14. Qe5
Be6 15. Nd4 Bd6 $6 (15... Nfd7 16. Qg3 Bxg5 17. Qxg5 Qb6 18. Rd2 h6 19. Qh4 Ne5
20. Rad1 Ng6 21. Qg3 Bxa2 $1 22. Bh5 (22. Nxa2 Nxe4 23. Qe3 Nxd2 24. Rxd2 c5
25. Nf3 (25. Nb5 Rxd2 26. Qxd2 Rd8 27. Qc2 Nf4 28. Bf1 a6 29. Nbc3 Qe6 $17 (
29... Qd6 30. Ne4 Qg6 (30... Qd1 31. Qxd1 Rxd1 32. Nac3 $14) 31. f3 $15)))
22... Kh7 23. e5 (23. b4 $6 Nb3 $17) (23. Nxa2 $2 Nxe4 24. Bxg6+ fxg6 25. Qf4
Nxd2 26. Rxd2 c5 27. Nf3 Qxb2 $19) 23... Bc4 $15) 16. Nxc6 Qc7 (16... Bxe5 17.
Nxa5 Rxd1+ 18. Nxd1 Nfxe4 19. Be3 $11) 17. Rxd6 Rxd6 18. Nb5 Qxc6 19. Nxd6
Nfxe4 20. Nxe4 Qxe4 21. Qxe4 Nxe4 22. Be3 $14) 14... Rxd4 15. bxa5 Rxd1+ 16.
Rxd1 h6 17. Bxf6 Bxf6 18. e5 Be7 19. Nd4 Ne6 20. Nxe6 Bxe6 21. Rb1 Rb8 22. Bf3
Bg5 $17) 13... Nc5 14. Qh4 Be6 15. Nd4 (15. b4 Rxd1+ 16. Rxd1 Qa3 17. bxc5 Qxc3
18. Bd3 h6 19. Bxf6 Bxf6 20. Qe4 g6 $17) 15... h6 16. Nxe6 Nxe6 17. Bxf6 Bxf6
$11) 11... exd4 (11... Nxe4 12. Bxe7 Re8 13. Bb4 Qb6 14. Rad1 {White's
position is preferable}) 12. Qxd4 Qb6 13. Rfd1 Re8 (13... h6 14. Bh4 c5 15. Qd3
Rd8 16. Qc2 g5 17. Bxg5 hxg5 18. Nexg5 {[%cal Ge2c4]} Rf8 19. Bc4 {[%cal Gc2g6]
} Kg7 20. Bxf7 $1 Rxf7 21. Rxd7 $3 Bxd7 22. Ne5 Be6 (22... Kf8 23. Ngxf7 $1 (
23. Qg6 $2 Rg7 $1 (23... Be6 24. Nexf7 $16) 24. Nxd7+ Kg8 (24... Nxd7 25. Ne6+
$18) 25. Qxg7+ (25. Nxb6 Rxg6 26. Nxa8 Rxg5 $15) 25... Kxg7 26. Nxb6 axb6 $15)
23... Qe6 24. Qg6 Ng4 (24... Ba4 25. b3 Bb5 26. Rd1 $18) 25. Nxd7+ Qxd7 26. Ng5
Bxg5 $8 27. Qxg5 {[%csl Rg4][%cal Gh2h3]} Re8 28. Qxc5+ $16) 23. Qg6+ Kf8 24.
Nexf7 $16) 14. Rac1 (14. Qxb6 axb6 15. Nd6 Bxd6 16. Rxd6 Ne4 17. Rdd1 Nxg5 18.
Nxg5 Ne5 $11) 14... h6 15. Bh4 Qxd4 (15... Nxe4 16. Qxe4 Qxb2 17. Bd3 $1 (17.
Bxe7 Qxe2) (17. Rc2 Qb4) 17... Kf8 18. Bxe7+ Rxe7 19. Qh7 $16 {[%csl Rf8]}) 16.
Rxd4 Nxe4 17. Rxe4 Kf8 (17... g5 18. Bg3 Nf6 19. Rd4 Be6 20. a3 Rad8 $11) 18.
a3 Nf6 19. Re5 g5 20. Bg3 Nh5 21. Nd4 Nxg3 22. hxg3 Rd8 {Black equalized} 23.
g4 Bf6 (23... c5 $5 24. Nf5 $1 (24. Rexc5 Bxc5 25. Rxc5 b6 $6 (25... Kg7 26.
Bf3 Kf6 27. Kh2 a5 28. Rc7 (28. Kg3) 28... Rd7 29. Rc5 a4 $15) 26. Rc7 Bd7 27.
Bf3 Rac8 28. Rxa7 Rc1+ 29. Kh2 $14) 24... Bf6 (24... Bxf5 25. Rxf5 Rd2 26. Bc4
f6 27. b3 Rad8 28. e4 $11) 25. Rexc5 Bxb2 26. R1c2 Bxa3 27. Rc7 Rb8 28. Ra2
Bxf5 29. Rxa3 Rd7 30. Rc5 Be6 31. Rxa7 Kg7 32. f3 b6 33. Rxd7 bxc5 34. Rc7 Rc8
(34... Rb2 35. Ba6 (35. Kf1 c4 36. Ke1 Kf6 37. Kd1 Ke5 38. Bxc4 Kd6 39. Bxe6
Kxc7 40. Bxf7 Rxg2 $11) 35... c4 36. Bc8 Bxc8 37. Rxc8 Rc2 38. Rc6 $11) 35.
Rxc8 Bxc8 36. Kf2 Kf6 37. e4 Ke5 38. Ke3 Be6 39. g3 f6 40. f4+ Kd6 41. Kd3 Kc6
42. Kc3 Kb6 43. Bd1 Kb5 44. Be2+ c4 45. Bf1 Kc5 46. Be2 $11) 24. Re4 Rd6 25.
Rc2 a5 26. Nf5 Bxf5 27. gxf5 Rad8 28. Rec4 Rd2 29. b3 Be7 1/2-1/2

[Event "Chigorin Memorial 07th"]
[Site "St Petersburg"]
[Date "1999.11.08"]
[Round "7"]
[White "Aseev, Konstantin N"]
[Black "Klimov, Sergey"]
[Result "1/2-1/2"]
[WhiteElo "2533"]
[BlackElo "2416"]
[Annotator "Tsesarsky,I"]
[PlyCount "118"]
[EventDate "1999.11.02"]
[EventType "swiss"]
[EventRounds "9"]
[EventCountry "RUS"]
[SourceTitle "CBM 074"]
[Source "ChessBase"]
[SourceDate "2000.02.01"]
[SourceVersion "1"]
[SourceVersionDate "2000.02.01"]
[SourceQuality "1"]

1. d4 d5 2. c4 e6 3. Nf3 Nf6 4. g3 dxc4 5. Qa4+ c6 6. Qxc4 b5 7. Qc2 Bb7 8.
Nbd2 Nbd7 9. Nb3 Qb6 10. Bg2 Rc8 (10... a5 11. a4 Bb4+ 12. Bd2 bxa4 13. Rxa4
Qb5 14. Ra1 a4 15. Nc1 c5 16. dxc5 Nxc5 17. O-O Bxd2 18. Qxd2 Nfe4 19. Qe3 O-O
$11 {0-1 Akesson-Maksimenko/Politiken Cup, SW 1993 (37)}) (10... Bb4+ 11. Bd2
Bxd2+ 12. Nfxd2 (12. Qxd2 c5 13. dxc5 Nxc5 14. Nxc5 Qxc5 15. Rc1 Qb6 16. Qb4
Nd5 17. Qa3 a5 18. Qc5 b4 19. O-O Qa6 20. e4 Nf6 21. e5 Nd5 22. Ng5 Rc8 23. Qd4
O-O 24. Be4 (24. Qe4 g6 25. Qh4 h5 26. Ne4 (26. Bf3 Qd3 $11) 26... Rxc1 27.
Rxc1 Qe2 $132) 24... h6 25. Bh7+ Kh8 26. Rxc8 Bxc8 27. Bd3 Qc6 28. Ne4 Bb7 $11
{1/2-1/2 Sosonko,G-Sveshnikov,E/Bled 1997/EXP 57 (37)}) 12... c5 13. dxc5 Nxc5
14. Bxb7 Qxb7 15. O-O Nxb3 16. Nxb3 Rc8 17. Nc5 Qe7 18. b4 O-O 19. Qd3 $11 {
1/2-1/2 Lalic,B-Kuijf,M/Benasque op 1996 (23)}) (10... c5 11. dxc5 Nxc5 (11...
Bxc5 12. Nxc5 Nxc5 13. Be3 Qa5+ 14. Bd2 Qb6 15. O-O Nce4 16. Be3 Qa6 17. a4 O-O
18. axb5 Qxb5 19. Rxa7 Rxa7 20. Bxa7 Rc8 21. Qd3 $16 {1-0 Gheorghiu,F-Ammann,W/
Zurich SUI 1999 (42)}) 12. Be3 Rc8 13. Rc1 Be4 14. Qd2 Nd5 15. Bxc5 Bxc5 16.
Nxc5 Rxc5 17. Rxc5 Qxc5 18. O-O O-O $11) 11. O-O Be7 (11... c5 12. dxc5 Nxc5
13. Be3 Be4 14. Qd2 Be7 (14... Qb7 15. Rfc1 Nxb3 (15... Nfd7 16. Na5 Qa8 17. b4
Na6 18. Ne5 Rxc1+ 19. Rxc1 $16 {1-0 Gheorghiu,F-Ammann,W/Bern op (7) 1995 (24)}
) 16. Rxc8+ Qxc8 17. axb3 a6 18. Qa5 Bb7 19. Rc1 Qb8 20. Bd4 Bd6 $11) 15. Rfc1
O-O 16. Nxc5 Bxc5 17. Rxc5 Rxc5 18. b4 Rd5 19. Bxb6 Rxd2 20. Nxd2 Bxg2 21. Bxa7
Bb7 22. Nb3 $14 {1-0 Gheorghiu,F-Lustenberger,D/Lenk 1992 (50)}) 12. Be3 Nd5
13. Bg5 c5 14. dxc5 Nxc5 15. Rac1 O-O 16. Bxe7 Nxb3 17. Qxb3 Nxe7 $11 18. Ne5
Bxg2 19. Kxg2 Qb7+ (19... f6 20. Nd3 Rfd8 $11) 20. Qf3 Nd5 (20... Qxf3+ 21.
Kxf3 f6 22. Nd3 $14 {[%csl Rc5] White King allocated better than Black one.})
21. Rfd1 Rfd8 22. h4 (22. Rxc8 Rxc8 23. e4 Nf6 24. Rd4 $11) 22... f6 (22...
Rxc1 23. Rxc1 f6 24. Nd3 Rc8 25. Rxc8+ Qxc8 26. e4 Nb6 $11) 23. Nd3 Qb6 24. h5
h6 $6 $14 (24... Rc4 25. h6 gxh6 26. Rxc4 bxc4 27. Qg4+ Kh8 28. Qxc4 $14) (
24... Rxc1 25. Rxc1 Qd4 $11) 25. Qe4 (25. Rxc8 Rxc8 26. e4 Ne7 27. e5 f5 (27...
Qc6 28. Qxc6 Nxc6 29. exf6 gxf6 30. Nc5 e5 (30... Rd8 31. Rc1 (31. Rxd8+ Nxd8
32. Kf3 $14)) 31. Rd6 Kf7 32. Ne4 $14) 28. Nf4 $14) 25... Ne7 26. Rxc8 Nxc8 (
26... Rxc8 27. Nf4 $14) 27. Rc1 e5 28. Rc6 $4 $19 Qb7 $4 $16 (28... f5 $1 29.
Rxb6 fxe4 30. Rxb5 exd3 31. exd3 Rxd3 32. Rxe5 Kf7 $19) 29. Nc5 Qf7 (29... Qa8
30. Rc7 Qxe4+ 31. Nxe4 a5 32. Nc5 Nb6 33. Rxg7+ (33. Ne6 Rd7 34. Rc5 Rd5) 33...
Kxg7 34. Ne6+ Kg8 35. Nxd8 Na4 36. Nc6 Nxb2 37. Nxa5 Nd1 38. Nb3 Nc3 39. Nc1
$16) 30. Ne6 $1 Re8 $8 31. Nc7 {White pieces allocated in very active positions
} f5 (31... Rd8 32. Nxb5 Qxa2 33. Rc7 Kh8 34. Qc6 (34. Qg6 Rg8 35. Nc3 Qe6 $11)
34... Qg8 (34... Nb6 35. Nd6 Qd5+ 36. Qxd5 Nxd5 37. Nf7+ Kg8 38. Rxa7 Rb8 39.
Nd6 Rxb2 40. Nf5 (40. Ra8+ Kh7 41. Nf7 g6 42. Ra7 gxh5 43. e4 Nc3 44. Rc7 Nd1
45. Nxe5+ Kg8 $11) 40... Rxe2 41. Rd7 Nb4 42. Rxg7+ Kf8 43. Rd7 e4 44. Nxh6 $16
)) 32. Qd5 Qxd5+ 33. Nxd5 Ne7 34. Nxe7+ (34. Re6 Kf7 35. Rxe5 Nxd5 36. Rxd5 $16
) 34... Rxe7 35. Rc5 a6 (35... b4 36. Rb5 Kf7 37. Rxb4 Kf6 38. e4 $16 (38. Kf3
Kg5 $44 {[%csl Rh5]})) 36. Rc6 Rd7 37. Rxa6 Rd2 38. e3 $2 $11 (38. b4 Rxe2 39.
Ra5 e4 (39... Kf7 40. a3 $1 (40. Kf3 Rb2 41. Rxb5 Rxa2 42. Rxe5 Kf6 43. Rb5 (
43. Rc5 Rb2 44. b5 Kg5 45. Ke3 Kxh5 46. Rxf5+ Kg4 47. Rc5 g5 $44) 43... Kg5 44.
Rb7 Ra3+ 45. Ke2 Kxh5 46. Rxg7 Rb3 47. Rb7 f4 (47... Kg4 48. b5 h5 49. b6 h4
50. gxh4 Kxh4 51. Rb8 (51. Rh7+ Kg4 52. b7 Kf4 $11) 51... Kg4 52. b7 Kf4 $11)
48. gxf4 Kg4 49. b5 Kxf4 50. b6 Ke4 51. Rb8 Rb2+ 52. Kf1 Kf3 53. Kg1 Rb1+ 54.
Kh2 Kxf2 55. b7 Rb2 56. Kh3 Rb3+ 57. Kh4 $18) 40... e4 41. Rxb5 Kf6 42. Ra5 $16
) 40. a3 (40. Kf1 Rd2 41. Rxb5 Rxa2 42. Rxf5 Rb2 43. b5 $16) 40... e3 41. Kf3
Rxf2+ 42. Kxe3 Ra2 43. Kd4 Kf7 44. Ke5 $16) 38... Rxb2 39. Re6 f4 $1 {Maybe
this move was missed by White.} (39... e4 $2 $16 40. Re5 b4 41. Rxf5 Rxa2 42.
Re5 b3 43. Rxe4 b2 44. Rb4 Kf7 45. Rb6 $1 (45. Kf3 $2 Ke6 46. e4 (46. Ke4 Ra4
$1 $19) 46... Kd6 47. Kf4 Kc5 48. Rb8 Kc4 49. Rb7 (49. e5 Ra4 50. e6 Kc3+ 51.
Kf3 (51. Ke5 Rb4 52. Rxb4 Kxb4 53. e7 b1=Q 54. e8=Q Qe1+ $19) 51... Ra8 52. Rb7
Kc2 53. Ke4 b1=Q 54. Rxb1 Kxb1 55. Kd5 Kc2 56. e7 Kd3 57. Ke6 Ke2 58. Kf7 Kxf2
59. Kxg7 (59. e8=Q Rxe8 60. Kxe8 Kxg3 61. Kf7 Kg4 62. Kg6 Kh4 $19)) 49... Kc3
50. Rc7+ Kd2 51. Rb7 Kc2 52. Rc7+ $11) 45... Ke7 46. Kf3 Kd7 47. Ke4 Kc7 48.
Rb3 Kd6 49. Kd4 b1=Q 50. Rxb1 Rxf2 51. Rb6+ $16) 40. Rxe5 fxe3 41. Rxe3 Rxa2
42. Rb3 Ra5 43. g4 Ra4 44. Kf3 b4 45. Ke4 Kf7 46. f4 Ke7 47. Kd5 Kf6 48. Kc4
Ke6 49. Kc5 Ra1 50. Rxb4 Rg1 51. Rb6+ Kf7 52. Rg6 Rf1 53. f5 Rf4 54. Kd5 Ra4
55. Ke5 Rb4 56. f6 Rb5+ 57. Kf4 gxf6 58. Rxh6 Kg7 59. Rg6+ Kf7 1/2-1/2